|
|
|
|
| LEADER |
01729nab#a2200421#ar4500 |
| 001 |
000072902 |
| 003 |
SVKKK |
| 005 |
20101028134759.0 |
| 008 |
080707d1908 xo |||||||||||||||b|hun |
| FMT |
|
|
|
| 038 |
|
|
|a SVKKK
|
| 040 |
|
|
|a SVKKK
|b slo
|e AACR2
|
| 041 |
0 |
|
|a hun
|
| 044 |
|
|
|a xo
|c SK
|
| 080 |
|
|
|a 394
|2 1997
|
| 080 |
|
|
|a 929 Haraszthy, Mikuláš
|2 1997
|
| 080 |
|
|
|a 929 Moskovics, Ervín
|2 1997
|
| 080 |
|
|
|a 929 Török, Ernest
|2 1997
|
| 242 |
1 |
0 |
|a Personálne správy
|y slo
|
| 245 |
1 |
0 |
|a Személyi hir
|
| 500 |
|
|
|a mikrofilm
|
| 520 |
2 |
|
|a Správa o tom, kde trávia dovolenku v lete 1908: hlavný slúžny Mikuláš Haraszthy v kúpeloch Sobrance, právnik Ernest Török je na viactýždňovom pobyte v Taliansku a právnik Dr. Ervín Moskovics je v Karlových Varoch
|
| 600 |
1 |
4 |
|a Haraszthy, Mikuláš st.
|d 18??-19??
|x notár, hlavný slúžny, verejne činný
|x Humenné (Slovensko)
|x pôsobenie vo funkcii
|y 1878-1913, 1916-1917
|
| 600 |
1 |
4 |
|a Moskovics, Ervín
|d 18??-19??
|x právnik
|z Humenné (Slovensko)
|x pôsobenie
|
| 600 |
1 |
4 |
|a Török, Ernest
|d 18??-19??
|x právnik
|z Humenné (Slovensko)
|x pôsobenie
|
| 650 |
0 |
4 |
|a verejný a spoločenský život
|x dovolenka hl. slúžneho a právnikov
|z Sobrance (kúpele) (Slovensko)
|z Taliansko
|z Karlove Vary (Česko)
|
| 655 |
|
4 |
|a hungariká
|
| 773 |
0 |
|
|t Felvidéki Hirlap : Közgazdasági, társadalmi és szépirodalmi hetilap
|g Roč. 1, č. 22 (09.08.1908) s. 3
|
| 957 |
|
|
|a Humenné
|
| 958 |
|
|
|a DG
|
| 958 |
|
|
|a HU
|
| 974 |
|
|
|a Ba
|
| 992 |
|
|
|a RBX
|
| 997 |
|
|
|a Haraszthy, Miklós p. Haraszthy, Mikuláš
|d Homonna p. Humenné
|
| 997 |
|
|
|a Török, Ernő p. Török, Ernest
|
| 997 |
|
|
|a Moskovics, Ervin p. Moskovics, Ervin
|
| BAS |
|
|
|
| 998 |
|
|
|a RETRO
|